Tricky Capitals - Statistics

General Stats
  • This quiz has been taken 22 times
  • The average score is 20 of 28
Answer Stats
Hint Answer % Correct
Kazakhstan Astana
95%
Haiti Port-au-Prince
95%
Angola Luanda
84%
Montenegro Podgorica
79%
Turkmenistan Ashgabat
74%
Mali Bamako
74%
Kyrgyzstan Bishkek
74%
Kyrgyzstan Bishkek
74%
Burundi Gitega
74%
Tajikistan Dushanbe
68%
Botswana Gaborone
68%
Congo(Dem. Rep.) Kinshasa
68%
Chad N'Djamena
68%
Niger Niamey
68%
Mauritius Port Louis
68%
Honduras Tegucigalpa
68%
Belize Belmopan
63%
St. Lucia Castries
63%
Guinea Conakry
63%
Tajikistan Dushanbe
63%
South Sudan Juba
63%
Malawi Lilongwe
63%
Zambia Lusaka
63%
Trinidad &Tobago Port-of-Spain
63%
Benin Porto-Novo
63%
Dominica Roseau
63%
Bhutan Thimphu
63%
Togo Lomé
58%
No matching quizzes found
Score Distribution
Percent of People with Each Score
Percentile by Number Answered
Your Score History
You have not taken this quiz